logo

Bir Sreshtho Munshi Abdur Rouf Library
Jhenaidah Cadet College

Soldier in the saddle / (Record no. 8718)

MARC details
000 -LEADER
fixed length control field 00572nam a2200229 a 4500
001 - CONTROL NUMBER
JCCL Control Number 8718
003 - CONTROL NUMBER IDENTIFIER
JCCL marc code BD-JhCC
005 - DATE AND TIME OF LATEST TRANSACTION
control field 20181001173625.0
008 - FIXED-LENGTH DATA ELEMENTS--GENERAL INFORMATION
fixed length control field 180301s1963 e 000 0 e d
035 ## - SYSTEM CONTROL NUMBER
system control number (BD-JhCC)8718
040 ## - CATALOGING SOURCE
Original cataloging agency BD-JhCC
Transcribing agency EQO
Modifying agency BD-JhCC
041 ## - LANGUAGE CODE
Language code of Book eng
082 ## - DEWEY DECIMAL CLASSIFICATION NUMBER
Classification number 823.914
Author mark and Year BKA 1963
100 1# - MAIN ENTRY--PERSONAL NAME
Personal name Blacker, 'Monkey'
245 10 - TITLE STATEMENT
Title Soldier in the saddle /
Statement of responsibility, etc [by] 'Monkey' Blacker
260 ## - PUBLICATION, DISTRIBUTION, ETC. (IMPRINT)
Place of publication, distribution, etc Lond,
Date of publication, distribution, etc 1963
300 ## - PHYSICAL DESCRIPTION
Pagination 191 p. :
Dimensions 18 cm.
650 ## - SUBJECT ADDED ENTRY--TOPICAL TERM
Topical term or geographic name as entry element English Stories
830 #0 - SERIES ADDED ENTRY--UNIFORM TITLE
Uniform title Mod. men of action ;
Volume number/sequential designation 2
942 ## - ADDED ENTRY ELEMENTS (KOHA)
Source of classification or shelving scheme Dewey Decimal Classification
Koha item type Books
Holdings
Source of classification or shelving scheme Damaged status Not for loan Home library Current library Shelving location Date of accession Total Checkouts Full call number Barcode Date last seen Copy number Koha item type
Dewey Decimal Classification     JCC Rouf Library JCC Rouf Library General Stacks 03/01/2018   823.914 BKA 1963 11328 03/01/2018 C-1 Books

JCC Library | Contacts | JCC Home

Last Update on 23 September 2017
Copyright @ 2017-2020 JCC Rouf Library
Rouf Library, Jhenidah Cadet College (JCC), Bangladesh